000 00534nam a2200217Ia 4500
003 OSt
005 20220928141639.0
006 a|||||r|||| 00| 0
007 ta
008 220927b |||||||| |||| 00| 0 eng d
024 _a16495
037 _cTextual
040 _aSDCL
_cSDCL
_beng
041 _2eng
_aeng
082 _aO32,3N13,1, 152M5
100 _aPottekkatta S K
_9501314
245 0 _aLoung.
260 _c1985
942 _hO32,3N13,1, 152M5
_cTEXL
_2CC
999 _c818845
_d818845